Grey’s Anatomy Couples - Statistics

General Stats
  • This quiz has been taken 753 times
  • The average score is 55 of 105
Answer Stats
Hint Answer % Correct
Addison Forbes Montgomery | Meredith Grey Derek Shepherd
96%
Alex Karev
92%
Meredith Grey
92%
Owen Hunt
92%
Callie Torres
91%
Alex Karev | George O'Malley Izzie Stevens
90%
Derek Shepherd | Mark Sloan Addison Forbes Montgomery
88%
Owen Hunt | Preston Burke Christina Yang
87%
Christina Yang Preston Burke
87%
George O’Malley
86%
Callie Torres George O'Malley
86%
Mark Sloan
86%
Jackson Avery
85%
Lexie Grey
85%
Jo Wilson
83%
Amelia Shepherd
82%
Arizona Robbins
81%
Andrew DeLuca
77%
April Kepner
76%
Teddy Altman
74%
Richard Webber Adele Webber
73%
Nathan Riggs
73%
Ellis Grey
71%
Maggie Pierce
69%
Atticus Lincoln
66%
Nathan Riggs Megan Hunt
60%
Ben Warren
59%
Erica Hahn
57%
Carina DeLuca
55%
Denny Duquette
52%
Stephanie Edwards
51%
Maggie Pierce Dean
47%
Edra Burke
47%
Nurse Rose
43%
Catherine Fox
42%
Shane Ross
35%
Miranda Bailey Tucker Jones
33%
Leah Murphy
30%
Finn Dandridge
29%
Nick Marsh
29%
Levi Schmitt Nico Kim
29%
Tom Koracick
27%
Penny Blake
26%
Winston Ndugu
24%
Matthew Taylor
20%
Rebecca Pope
20%
Eliza Minnick
19%
Henry Burton
19%
Lucy Fields
16%
Sam Bello
16%
Kai Bartley
15%
Paul Stadler
15%
Olivia Harper
14%
Bronwyn Murphy
13%
Eli Lloyd
11%
William Thorpe
11%
Izzie Stevens Hank
10%
Jason Myers
9%
Andrew Perkins
8%
Kyle Diaz
8%
Sam Bennett
8%
Allison Robin Brown
6%
Emma Marling
6%
Julia Canner
6%
Pete Wilder
6%
Darren Parker
5%
Jake Reilly
5%
James Peterson
5%
Priya
5%
Amelia Shepherd Ryan Kerrigan
5%
Todd Eames
5%
Vikram Roy
5%
Clive Johnson
4%
Ethan Boyd
4%
Kevin Nelson
4%
Beth Whitman
3%
Jo Wilson Chris Cleaver
3%
No matching quizzes found
Score Distribution
Percent of People with Each Score
Percentile by Number Answered
Your Score History
You have not taken this quiz